Contrapàs llarg 'El Divino' de Sant Vicenç de Torelló
Publicado:
[Barcelona] :
Diputació de Barcelona, Àrea de Cooperació, Servei del Patrimoni Arquitectònic Local : Ajuntament de Sant Vicenç de Torelló, DL 1999
Descripción Física:
[6] p. : il. col. ; 21 cm
MARC
| LEADER | 00000nam a2200000Ia 4500 | ||
|---|---|---|---|
| 001 | 12816 | ||
| 008 | 160829s9999 xx 000 0 cat d | ||
| 080 | |a FU-14-50 | ||
| 245 | |a Contrapàs llarg 'El Divino' de Sant Vicenç de Torelló | ||
| 260 | |a [Barcelona] : |b Diputació de Barcelona, Àrea de Cooperació, Servei del Patrimoni Arquitectònic Local : |b Ajuntament de Sant Vicenç de Torelló, DL 1999 | ||
| 300 | |a [6] p. : |b il. col. ; |c 21 cm | ||
| 590 | |a Conté la lletra del contrapàs 'El Divino' | ||
| 650 | |a Danses populars i nacionals catalanes |9 39572 | ||
| 650 | |a Contrapàs |9 35579 | ||
| 650 | |a El Divino (Sant Vicenç de Torelló) |9 32726 | ||
| 710 | |a Barcelona (Catalunya : Província). |b Servei de Patrimoni Arquitectònic Local |9 19202 | ||
| 710 | 1 | |a Sant Vicenç de Torelló (Catalunya). |b Ajuntament |9 53914 | |
| 901 | |a Arxiu | ||
| 942 | |n 1 | ||
| 952 | |0 0 |1 0 |4 0 |6 FU1450 |7 1 |9 46081 |a Arxiu |b Arxiu |d 2016-12-01 |l 0 |o FU-14-50 |p 12816 |r 2016-12-01 00:00:00 |w 2016-12-01 |y ARXIU | ||
| 999 | |c 49583 |d 49583 | ||